000 00493nam a2200193 a 4500
001 1766480581511
003 YourLibrary
005 20251226120327.0
008 251223s2006##################000#0#eng##
020 _a9781845111151
082 0 4 _a281.80935
_bBAU
100 1 _aBaumer, Christoph,
_eauthor.
245 1 0 _aThe Church of the East :
260 _bI.B. Tauris,
_c2006.
300 _a344 pages
650 0 _aReligion.
942 _cENGLISH
040 _aYourLibrary
_beng
_cYourLibrary
999 _c605134
_d605134